Estadísticas para Países que...

Haz click aquí para intentar la prueba.

Estadísticas generales

  • Esta prueba ha sido intentada 164 veces
    (149 desde el último reinicio)
  • La puntuación promedio es 10 de 13

Estadísticas de respuestas

AfirmaciónPaís% Correcto
Supere los mil millones de habitantes.China, India
93%
Tenga una bandera en la luna.Estados Unidos, China
93%
Tendría una de las 7 maravillas del mundo antiguo.Egipto, Turquía, Grecia, Irak
90%
Sea una de las 5 mejores economías de América.Estados Unidos, Canadá, Brasil, México, Colombia
90%
Sea un país -stán.Kazajistán, Uzbekistán, Turkmenistán, Kirguistán, Tayikistán, Afganistán, Pakistán.
89%
Pertenezca a Escandinavia.Islandia, Noruega, Suecia, Finlandia, Dinamarca
84%
Pertenezca al recorrido del Tren Transiberiano.Rusia, Mongolia
77%
Estén en el Top 3 de banderas con más blanco.Chipre, Japón, Corea del Sur
75%
Sea uno de los 5 países más nuevos.Sudán del Sur, Kosovo, Serbia, Montenegro, Timor Oriental
69%
Haga aparición en la serie noventera "The Nanny".Estados Unidos, Francia, Israel, Reino Unido (Inglaterra), Jamaica
65%
Tenga nombre de comida.Chile, Granada
51%
Esté en África y no haya sido colonizado.Etiopía
50%
Sea un país enclave.Ciudad del Vaticano, San Marino, Lesoto
47%

Distribución de puntuación

Porcentaje por número respondido

Porcentaje de gente con cada puntuación

Historial de tus puntuaciones

No has intentado esta prueba desde el último reinicio